<?xml version="1.0" encoding="UTF-8"?><?xml-stylesheet type="text/xsl" href="static/style.xsl"?><OAI-PMH xmlns="http://www.openarchives.org/OAI/2.0/" xmlns:xsi="http://www.w3.org/2001/XMLSchema-instance" xsi:schemaLocation="http://www.openarchives.org/OAI/2.0/ http://www.openarchives.org/OAI/2.0/OAI-PMH.xsd"><responseDate>2026-04-17T11:41:31Z</responseDate><request verb="GetRecord" identifier="oai:www.recercat.cat:20.500.12327/563" metadataPrefix="marc">https://recercat.cat/oai/request</request><GetRecord><record><header><identifier>oai:recercat.cat:20.500.12327/563</identifier><datestamp>2025-10-22T11:12:15Z</datestamp><setSpec>com_2072_4428</setSpec><setSpec>com_2072_4427</setSpec><setSpec>col_2072_487898</setSpec></header><metadata><record xmlns="http://www.loc.gov/MARC21/slim" xmlns:dcterms="http://purl.org/dc/terms/" xmlns:xsi="http://www.w3.org/2001/XMLSchema-instance" xmlns:doc="http://www.lyncode.com/xoai" xsi:schemaLocation="http://www.loc.gov/MARC21/slim http://www.loc.gov/standards/marcxml/schema/MARC21slim.xsd">
   <leader>00925njm 22002777a 4500</leader>
   <datafield ind2=" " ind1=" " tag="042">
      <subfield code="a">dc</subfield>
   </datafield>
   <datafield ind2=" " ind1=" " tag="720">
      <subfield code="a">Mármol-Sánchez, Emilio</subfield>
      <subfield code="e">author</subfield>
   </datafield>
   <datafield ind2=" " ind1=" " tag="720">
      <subfield code="a">Quintanilla, Raquel</subfield>
      <subfield code="e">author</subfield>
   </datafield>
   <datafield ind2=" " ind1=" " tag="720">
      <subfield code="a">Cardoso, Taina F.</subfield>
      <subfield code="e">author</subfield>
   </datafield>
   <datafield ind2=" " ind1=" " tag="720">
      <subfield code="a">Jordana Vidal, Jordi</subfield>
      <subfield code="e">author</subfield>
   </datafield>
   <datafield ind2=" " ind1=" " tag="720">
      <subfield code="a">Amills, Marcel</subfield>
      <subfield code="e">author</subfield>
   </datafield>
   <datafield ind2=" " ind1=" " tag="260">
      <subfield code="c">2019-06-21</subfield>
   </datafield>
   <datafield ind2=" " ind1=" " tag="520">
      <subfield code="a">The genetic factors determining the phenotypic variation of porcine fatness phenotypes are still largely&#xd;
unknown. We investigated whether the polymorphism of eight genes (MIGA2, CRY2, NPAS2, CIART,&#xd;
ARNTL2, PER1, PER2 and PCK1), which display diferential expression in the skeletal muscle of fasted&#xd;
and fed sows, is associated with the variation of lipid and mRNA expression phenotypes in Duroc&#xd;
pigs. The performance of an association analysis with the GEMMA software demonstrated that the&#xd;
rs330779504 SNP in the MIGA2 gene is associated with LDL concentration at 190 days (LDL2, corrected&#xd;
P-value=0.057). Moreover, the rs320439526 SNP of the CRY2 gene displayed a signifcant association&#xd;
with stearic acid content in the longissimus dorsi muscle (LD C18:0, corrected P-value=0.015). Both&#xd;
SNPs were also associated with the mRNA levels of the corresponding genes in the gluteus medius&#xd;
skeletal muscle. From a biological perspective these results are meaningful because MIGA2 protein&#xd;
plays an essential role in mitochondrial fusion, a process tightly connected with the energy status of&#xd;
the cell, while CRY2 is a fundamental component of the circadian clock. However, inclusion of these two&#xd;
SNPs in chromosome-wide association analyses demonstrated that they are not located at the peaks of&#xd;
signifcance for the two traits under study (LDL2 for rs330779504 and LD C18:0 for rs320439526), thus&#xd;
implying that these two SNPs do not have causal efects.</subfield>
   </datafield>
   <datafield ind1="8" ind2=" " tag="024">
      <subfield code="a">Mármol-Sánchez, Emilio, Raquel Quintanilla, Taina F. Cardoso, Jordi Jordana Vidal, and Marcel Amills. 2019. "Polymorphisms Of The Cryptochrome 2 And Mitoguardin 2 Genes Are Associated With The Variation Of Lipid-Related Traits In Duroc Pigs". Scientific Reports 9 (1). Springer Science and Business Media LLC. doi:10.1038/s41598-019-45108-z.</subfield>
   </datafield>
   <datafield ind1="8" ind2=" " tag="024">
      <subfield code="a">2045-2322</subfield>
   </datafield>
   <datafield ind1="8" ind2=" " tag="024">
      <subfield code="a">http://hdl.handle.net/20.500.12327/563</subfield>
   </datafield>
   <datafield ind1="8" ind2=" " tag="024">
      <subfield code="a">https://doi.org/10.1038/s41598-019-45108-z</subfield>
   </datafield>
   <datafield ind2="0" ind1="0" tag="245">
      <subfield code="a">Polymorphisms of the cryptochrome 2 and mitoguardin 2 genes are associated with the variation of lipid-related traits in Duroc pigs</subfield>
   </datafield>
</record></metadata></record></GetRecord></OAI-PMH>